000 00350nam a2200145Ia 4500
008 191201s2008 xx 000 0 und d
082 _a621.815
_bSHD
100 _aSHIWALKAR, B D
245 0 _aDesign Data for Machine Elements
250 _aRep.
260 _aNagpur
_bDenett & Co.
_c2008
300 _a182
650 _aB.Tech(ME)
942 _2ddc
_cBK
999 _c3934
_d3934